000 00977nam a2200241 i 4500
001 17159
003 ES-MaACL
005 20230906151521.0
007 t|
008 010108s2000 sp ||||1| spa d
020 _a84-95394-10-3
080 _a903.5(460.288 Montealegre del Castillo)
100 1 _aValenciano Prieto, Mª del Carmen.
_9112582
245 1 3 _aEl Llano de la Consolación (Montealegre del Castillo, Albacete)
_b: revisión crítica de una necrópolis ibérica del sureste de la Meseta /
_cMª del Carmen Valenciano Prieto.
260 _aAlbacete :
_bInstituto de Estudios Albacetenses "Don Juan Manuel",
_c2000.
300 _a336 p. :
_bil. ;
_c24 cm.
490 1 _aSerie I--Estudios ;
_v121
651 4 _aLlano de la Consolación (Albacete)-
_xRestos arqueológicos ibéricos.
_98925
710 2 _aInstituto de Estudios Albacetenses.
_94884
830 0 _aSerie I--Estudios ;
_v121
_9179228
852 _aES-MaACL
_jL-23923
_bR.129308
999 _c17159
_d17159